• 首页
  • 本馆介绍
  • 公告通知
  • 最新文献
  • 馆藏检索
  • 电子资源
  • 读者导购
  • 参考咨询
  • 我的图书馆
  • 登录
  • 详细信息显示
  • 放入我的书架
  • 预约/预借图书
  • 作者相关作品
  • 分类相关作品
  • 丛书相关作品
  • 出版社相关作品

书目信息

  • 表格格式
  • 工作单格式
  • 卡片格式
题名:
民国居住文化通史
    
 
作者: 林永匡 著
分册:  
出版信息: 重庆   重庆出版社  2006
页数: 393页
开本: 25cm
丛书名:
单 册:
中图分类: D693.93
科图分类:
主题词: 居住--文化--中国--民国 , 居住
电子资源:
ISBN: 7-5366-8361-8
000 00974nam0 2200241 450
001 1256671218
005 20121004154459.92
010    @a7-5366-8361-8@dCNY45.00
100    @a20070116d2006 em y0chiy50 ea
101 0  @achi
102    @aCN@b500000
105    @aa z 000yy
200 1  @a民国居住文化通史@Amin guo ju zhu wen hua tong shi@e中国二千多年皇权结束后急剧变革的民国年间各阶层居住文化实考@f林永匡著
210    @a重庆@c重庆出版社@d2006
215    @a393页@c照片@d25cm
330    @a本书介绍了中国王府没落与居住功能演变、里弄居住与市居民习、公寓与公馆的新式居尚、居筑装饰与居室布置等。
517 1  @a中国二千多年皇权结束后急剧变革的民国年间各阶层居住文化实考@Azhong guo er qian duo nian huang quan jie shu hou ji ju bian ge de min guo nian jian ge jie ceng ju zhu wen hua shi kao
606 0  @a居住@x文化@y中国@z民国
606 0  @a居住
690    @aD693.93@v4
701  0 @a林永匡@Alin yong kuang@4著
801  0 @aCN@bNLC@c20101222
905    @a10447@dD693.93@eJY54
    
    民国居住文化通史:中国二千多年皇权结束后急剧变革的民国年间各阶层居住文化实考/林永匡著.-重庆:重庆出版社,2006
    393页:照片;25cm
    
    
    ISBN 7-5366-8361-8:CNY45.00
    本书介绍了中国王府没落与居住功能演变、里弄居住与市居民习、公寓与公馆的新式居尚、居筑装饰与居室布置等。
●
相关链接 在E读中查询图书 在五车中查询图书 在当当中查询图书 在豆瓣中查询图书


正题名:民国居住文化通史     索取号:D693.93/JY54         预约/预借

序号 登录号 条形码 馆藏地/架位号 状态 备注
1 7812304   278123040   学院路分馆/ [索取号:D693.93/JY54] 在馆    
2 7812305   278123059   学院路分馆/ [索取号:D693.93/JY54] 在馆    
唐山师范学院图书馆 欢迎您!
大连网信软件有限公司© 版权所有